[Event "17th Asian-ch"]
[Site "Xingtai CHN"]
[Date "2019.06.12"]
[Round "6.7"]
[White "Liu Yan"]
[Black "Nihal, Sarin"]
[Result "1/2-1/2"]
[WhiteElo "2504"]
[BlackElo "2606"]
[EventDate "2019.06.07"]
[PlyCount "111"]

1.d4 f5 2.Nf3 Nf6 3.g3 g6 4.Bg2 Bg7 5.O-O O-O 6.c4 d6 7.Nc3 c6 8.d5 e5 9.
dxe6 Bxe6 10.b3 Qe7 11.Bb2 Na6 12.Nd4 Bf7 13.e3 Rad8 14.Qe2 Ne4 15.Nxe4 
fxe4 16.Qg4 Rfe8 17.Nf5 Qe6 18.Bxg7 gxf5 19.Qg5 Qg6 20.Bf6 Rd7 21.f4 Nb4 
22.Rf2 Nd3 23.Rd2 d5 24.cxd5 Rxd5 25.Rad1 Nb4 26.Bf1 Qxg5 27.fxg5 Bh5 28.
Rxd5 Nxd5 29.Rd2 Bf7 30.Kf2 Nxf6 31.gxf6 Bd5 32.g4 fxg4 33.Kg3 Kf7 34.Rf2 
Re6 35.Kxg4 Rxf6 36.Rxf6+ Kxf6 37.Kf4 c5 38.Bg2 b5 39.Bxe4 Bxe4 40.Kxe4 
Ke6 41.a4 a6 42.axb5 axb5 43.h4 h6 44.h5 Kd6 45.Kf4 Ke6 46.Ke4 Kd6 47.Kf4 
Kd5 48.e4+ Ke6 49.e5 c4 50.bxc4 bxc4 51.Ke4 c3 52.Kd3 Kxe5 53.Kxc3 Kf5 54.
Kd3 Kg5 55.Ke2 Kxh5 56.Kf2 1/2-1/2

[Event "17th Asian-ch"]
[Site "Xingtai CHN"]
[Date "2019.06.12"]
[Round "6.9"]
[White "Xu Yinglun"]
[Black "Maghsoodloo, Parham"]
[Result "0-1"]
[WhiteElo "2548"]
[BlackElo "2665"]
[EventDate "2019.06.07"]
[PlyCount "72"]

1.d4 Nf6 2.c4 e6 3.Nf3 d5 4.Nc3 dxc4 5.e4 b5 6.e5 Nd5 7.Nxb5 Nb6 8.Be2 Be7
9.Be3 Nc6 10.O-O O-O 11.Nc3 Bb7 12.Na4 Na5 13.Qd2 Nxa4 14.Qxa5 Nxb2 15.
Rab1 c3 16.Qxc3 Na4 17.Qc2 Nb6 18.Rfc1 Ba3 19.Ng5 g6 20.Rd1 Rb8 21.Ne4 
Bxe4 22.Qxe4 Qe7 23.Qd3 Nd5 24.Bf3 Nxe3 25.Qxe3 Bb2 26.g3 Rb6 27.Re1 Rd8 
28.Rbd1 c6 29.Rd2 Qd7 30.Rb1 Bc3 31.Rdd1 Rxb1 32.Rxb1 Bxd4 33.Qc1 Bb6 34.
Rb2 Qd4 35.Bxc6 Rc8 36.Re2 Rxc6 0-1

[Event "17th Asian-ch"]
[Site "Xingtai CHN"]
[Date "2019.06.12"]
[Round "6.10"]
[White "Nguyen Ngoc Truong Son"]
[Black "Xu Zhihang"]
[Result "1-0"]
[WhiteElo "2639"]
[BlackElo "2504"]
[EventDate "2019.06.07"]
[PlyCount "105"]

1.d4 Nf6 2.c4 e6 3.Nc3 Bb4 4.g3 O-O 5.Bg2 d5 6.Nf3 c5 7.cxd5 Nxd5 8.Qb3 
Nc6 9.dxc5 Nxc3 10.bxc3 Bxc5 11.O-O e5 12.Ng5 h6 13.Ne4 Be7 14.Ba3 Qc7 15.
Bxe7 Qxe7 16.Rfd1 Bg4 17.Qb5 Rad8 18.h3 Bc8 19.Nc5 Qc7 20.Nd3 Rde8 21.Nb4 
Nxb4 22.cxb4 a6 23.Qd5 Qc2 24.Qd2 Qa4 25.Rac1 Be6 26.Bxb7 Rb8 27.Rc7 Qb5 
28.Qd6 Bxa2 29.Bxa6 Qxb4 30.Qxe5 Qa4 31.Rd6 Qb4 32.Kg2 Rbe8 33.Qd4 Qxd4 
34.Rxd4 Be6 35.Bd3 Rd8 36.Rxd8 Rxd8 37.f4 g6 38.g4 Rd4 39.Kf3 g5 40.f5 
Bd5+ 41.Kg3 Be4 42.Bc4 Bd5 43.Bb5 Ba2 44.Rc6 Kh7 45.Bd3 Rd8 46.f6+ Kh8 47.
Bf5 Kg8 48.e4 Re8 49.h4 Bb1 50.Rc4 Ba2 51.Rc5 Be6 52.hxg5 Bxf5 53.gxf5 1-0

[Event "17th Asian-ch"]
[Site "Xingtai CHN"]
[Date "2019.06.12"]
[Round "6.15"]
[White "Karthik, Venkataraman"]
[Black "Sengupta, Deep"]
[Result "1/2-1/2"]
[WhiteElo "2499"]
[BlackElo "2559"]
[EventDate "2019.06.07"]
[PlyCount "134"]

1.Nf3 Nf6 2.c4 d6 3.d4 Bg4 4.Nc3 g6 5.g3 Bxf3 6.exf3 c6 7.d5 Bg7 8.Bh3 
Nbd7 9.O-O Nb6 10.Qd3 Nfd7 11.f4 Nc5 12.Qe2 O-O 13.Rd1 f5 14.Be3 Bxc3 15.
Bxc5 Bf6 16.Bd4 cxd5 17.cxd5 Rc8 18.Bg2 Qd7 19.Rd3 Na4 20.Rad1 Rc7 21.Bxf6
exf6 22.Re1 Rfc8 23.b3 Nb6 24.Qb2 Qf7 25.Qa3 Re7 26.Red1 Nd7 27.Qxa7 Nc5 
28.Rc3 Qe8 29.Rcc1 Ra8 30.Qb6 Ra6 31.Qb4 Rxa2 32.Qc3 Ree2 33.Re1 Rac2 34.
Rxe2 Rxc1+ 35.Qxc1 Qxe2 36.b4 Nb3 37.Qc8+ Kg7 38.Qxb7+ Kh6 39.Bf1 Qe4 40.
Qb5 Nd2 41.Be2 g5 42.fxg5+ fxg5 43.Qd3 Qxb4 44.Qxf5 Qb1+ 45.Qxb1 Nxb1 46.
Kg2 Nc3 47.Bc4 Kg6 48.Kf3 Kf6 49.Kg4 Nd1 50.Kf3 Nc3 51.Bb3 h6 52.Kg4 Kg6 
53.f4 Kf6 54.Bc4 Nd1 55.Kf3 Nc3 56.Bb3 Kf5 57.Bc2+ Kf6 58.Be4 Kg7 59.Ke3 
Kf6 60.Bf3 Kf5 61.fxg5 hxg5 62.Kd3 Nb5 63.Kc4 Nc7 64.Bh5 Ke5 65.Bf7 Kf6 
66.Bg8 Ke5 67.h3 Ne8 1/2-1/2

[Event "17th Asian-ch"]
[Site "Xingtai CHN"]
[Date "2019.06.12"]
[Round "6.18"]
[White "Rahul Srivatshav, P."]
[Black "Chanda, Sandipan"]
[Result "0-1"]
[WhiteElo "2395"]
[BlackElo "2511"]
[EventDate "2019.06.07"]
[PlyCount "56"]

1.Nf3 f5 2.d3 Nc6 3.d4 e6 4.g3 Nf6 5.Bg2 d6 6.c4 e5 7.Nc3 Be7 8.O-O O-O 9.
a3 e4 10.Ng5 Na5 11.f3 exf3 12.Bxf3 Nxc4 13.b3 Nb6 14.a4 a5 15.d5 Ng4 16.
Ne6 Bxe6 17.dxe6 Bf6 18.Qc2 Qe7 19.h3 Bd4+ 20.Kh1 Qxe6 21.Nb5 Bxa1 22.Nxc7
Qc8 23.hxg4 fxg4 24.Bg2 Rxf1+ 25.Bxf1 Nd5 26.Qc4 Qxc7 27.Qxd5+ Kh8 28.Be3 
Qc6 0-1

[Event "17th Asian-ch"]
[Site "Xingtai CHN"]
[Date "2019.06.12"]
[Round "6.19"]
[White "Xu Minghui"]
[Black "Sadhwani, Raunak"]
[Result "1/2-1/2"]
[WhiteElo "2368"]
[BlackElo "2482"]
[EventDate "2019.06.07"]
[PlyCount "70"]

1.d4 Nf6 2.c4 g6 3.Nc3 Bg7 4.e4 d6 5.h3 O-O 6.Be3 c5 7.Nf3 Qa5 8.Bd3 Nc6 
9.d5 Nb4 10.O-O Nxd3 11.Qxd3 Nd7 12.Bf4 a6 13.Rfe1 b5 14.e5 bxc4 15.Qxc4 
Rb8 16.Qe2 Qb4 17.Qe3 Nb6 18.b3 Re8 19.Rac1 Bf5 20.Qd2 Rbd8 21.exd6 Bxc3 
22.Rxc3 Nxd5 23.dxe7 Qxc3 24.exd8=Q Rxd8 25.Rc1 Qxd2 26.Bxd2 Rc8 27.g4 Be4
28.Ne5 Re8 29.Nd7 f5 30.Nxc5 Bf3 31.Re1 Rc8 32.Rc1 fxg4 33.hxg4 Re8 34.Re1
Rc8 35.Rc1 Re8 1/2-1/2

[Event "17th Asian-ch"]
[Site "Xingtai CHN"]
[Date "2019.06.12"]
[Round "6.20"]
[White "Nguyen Duc Hoa"]
[Black "Zhao Chenxi"]
[Result "0-1"]
[WhiteElo "2436"]
[BlackElo "2383"]
[EventDate "2019.06.07"]
[PlyCount "74"]

1.d4 Nf6 2.c4 g6 3.g3 Bg7 4.Bg2 O-O 5.Nf3 c6 6.O-O d6 7.Nc3 Qa5 8.e4 Be6 
9.Qe2 Qb4 10.Nd2 Qb6 11.Nb3 Qb4 12.d5 Bg4 13.f3 Bd7 14.f4 cxd5 15.e5 Bg4 
16.Qe3 d4 17.Nxd4 dxe5 18.fxe5 Nfd7 19.Nc2 Qb6 20.Nd5 Qd8 21.Qg5 Nxe5 22.
Nxe7+ Kh8 23.Bf4 Nbd7 24.Ne3 Be2 25.Rf2 f6 26.Qh4 g5 27.Qh3 gxf4 28.gxf4 
Qxe7 29.fxe5 Bd3 30.Nd5 Qc5 31.Qxd3 fxe5 32.Qe3 Qxc4 33.Rc1 Qd4 34.Rd2 Bh6
35.Qxd4 exd4 36.Rc7 Bxd2 37.Rxd7 Rac8 0-1

[Event "17th Asian-ch"]
[Site "Xingtai CHN"]
[Date "2019.06.12"]
[Round "6.21"]
[White "Sankalp, Gupta"]
[Black "Garcia, Jan Emmanuel"]
[Result "1/2-1/2"]
[WhiteElo "2359"]
[BlackElo "2413"]
[EventDate "2019.06.07"]
[PlyCount "81"]

1.e4 e5 2.Nf3 Nc6 3.d4 exd4 4.Nxd4 Qf6 5.Nb3 Qg6 6.f3 Bd6 7.Nc3 Nge7 8.g4 
h5 9.g5 Bb4 10.Be3 d6 11.Qd2 f5 12.gxf6 Qxf6 13.O-O-O Bxc3 14.bxc3 Qxf3 
15.Be2 Qh3 16.Rdg1 g6 17.Nd4 Ne5 18.Bg5 a6 19.Rg3 Qd7 20.Rf1 Rh7 21.Rg2 
Qa4 22.Rgf2 Qxa2 23.Rf8+ Kd7 24.Nb3 b5 25.Bf6 Qa3+ 26.Kd1 Nc4 27.Qd4 c5 
28.Qf2 Bb7 29.Bg5 Bxe4 30.Rxa8 Bxa8 31.Qf8 Be4 32.Rf7 Rxf7 33.Qxf7 Ne3+ 
34.Bxe3 Qb2 35.Bg5 Qxc2+ 36.Ke1 Qxc3+ 37.Nd2 Qa1+ 38.Kf2 Qd4+ 39.Kf1 Qa4 
40.Kf2 Qd4+ 41.Kf1 1/2-1/2

[Event "17th Asian-ch"]
[Site "Xingtai CHN"]
[Date "2019.06.12"]
[Round "6.23"]
[White "Zhang Ziji"]
[Black "Li Di"]
[Result "1/2-1/2"]
[WhiteElo "2408"]
[BlackElo "2535"]
[EventDate "2019.06.07"]
[PlyCount "35"]

1.d4 d5 2.c4 e6 3.Nc3 c6 4.e3 Nf6 5.Nf3 Nbd7 6.Qc2 Bd6 7.Bd3 O-O 8.O-O e5 
9.cxd5 cxd5 10.e4 exd4 11.Nxd5 Nxd5 12.exd5 h6 13.Nxd4 Qh4 14.Nf3 Qh5 15.
Bh7+ Kh8 16.Qf5 Qxf5 17.Bxf5 Nf6 18.Bxc8 1/2-1/2

[Event "17th Asian-ch"]
[Site "Xingtai CHN"]
[Date "2019.06.12"]
[Round "6.24"]
[White "Tran Tuan Minh"]
[Black "Zhao Yuanhe"]
[Result "1/2-1/2"]
[WhiteElo "2526"]
[BlackElo "2444"]
[EventDate "2019.06.07"]
[PlyCount "36"]

1.d4 d5 2.c4 c6 3.Nc3 Nf6 4.cxd5 cxd5 5.Bf4 e6 6.e3 Bd6 7.Bxd6 Qxd6 8.Bd3 
O-O 9.f4 a6 10.Nf3 b5 11.O-O Bb7 12.Rc1 Nbd7 13.Ne5 Ne4 14.Bxe4 dxe4 15.
Nxd7 Qxd7 16.Qb3 Rfc8 17.a4 Bd5 18.Nxd5 exd5 1/2-1/2

[Event "17th Asian-ch"]
[Site "Xingtai CHN"]
[Date "2019.06.12"]
[Round "6.25"]
[White "Akash, Ganesan"]
[Black "Krishna, C. R. G."]
[Result "1-0"]
[WhiteElo "2404"]
[BlackElo "2481"]
[EventDate "2019.06.07"]
[PlyCount "65"]

1.e4 e6 2.d4 d5 3.Nc3 Bb4 4.e5 c5 5.a3 Bxc3+ 6.bxc3 Ne7 7.a4 Qc7 8.Nf3 
Nbc6 9.Bd3 Bd7 10.O-O f6 11.Re1 c4 12.Bf1 O-O 13.Ba3 Rf7 14.g3 Re8 15.Bh3 
Ng6 16.Bd6 Qa5 17.Re3 Qd8 18.Bg4 f5 19.Bh5 f4 20.Re1 Bc8 21.h4 Rf5 22.Bg4 
Nge7 23.Kg2 Rff8 24.Ng5 Nf5 25.Bxf5 Rxf5 26.Qh5 h6 27.g4 f3+ 28.Kg3 Rf6 
29.exf6 Qxd6+ 30.Kh3 Rf8 31.f7+ Kh8 32.Qg6 hxg5 33.Qh5# 1-0

[Event "17th Asian-ch"]
[Site "Xingtai CHN"]
[Date "2019.06.12"]
[Round "6.26"]
[White "Dai Changren"]
[Black "Harshit, Raja"]
[Result "1-0"]
[WhiteElo "2480"]
[BlackElo "2437"]
[EventDate "2019.06.07"]
[PlyCount "81"]

1.e4 c5 2.Nf3 d6 3.d4 cxd4 4.Nxd4 Nf6 5.Nc3 a6 6.h3 e6 7.g4 h6 8.Bg2 Be7 
9.O-O O-O 10.f4 Nc6 11.Nce2 Nd7 12.Be3 Nxd4 13.Nxd4 e5 14.Nf5 exf4 15.Bxf4
Ne5 16.Qd4 Bxf5 17.exf5 Bf6 18.Qb4 Rc8 19.Qxb7 a5 20.Rad1 Rxc2 21.Rf2 Rc4 
22.b3 Rc3 23.Rfd2 Qe7 24.Qxe7 Bxe7 25.Rd5 Ra8 26.Bd2 Rcc8 27.Rxa5 Rxa5 28.
Bxa5 Rc2 29.a4 Bg5 30.Bb6 Rc3 31.b4 Nc4 32.Bf2 Rb3 33.a5 Ne3 34.Re1 Ra3 
35.Bb7 d5 36.Rxe3 Bxe3 37.Bxe3 Rxe3 38.a6 Ra3 39.b5 d4 40.b6 d3 41.Kf2 1-0

[Event "17th Asian-ch"]
[Site "Xingtai CHN"]
[Date "2019.06.12"]
[Round "6.27"]
[White "Gomez, John Paul"]
[Black "Harshavardhan, G. B."]
[Result "1-0"]
[WhiteElo "2467"]
[BlackElo "2406"]
[EventDate "2019.06.07"]
[PlyCount "97"]

1.d4 Nf6 2.c4 e6 3.Nc3 Bb4 4.e3 b6 5.Ne2 Bb7 6.a3 Bd6 7.d5 c6 8.g3 b5 9.
Bg2 bxc4 10.dxe6 dxe6 11.O-O O-O 12.Nd4 Qe7 13.Qe2 c5 14.Nf3 Nbd7 15.Nd2 
Bxg2 16.Kxg2 Nb6 17.Nxc4 Nxc4 18.Qxc4 Rab8 19.Rb1 Qb7+ 20.f3 Qb3 21.Qe2 c4
22.Bd2 Rfd8 23.Rfc1 Be5 24.f4 Bxc3 25.Bxc3 Rd3 26.e4 Rbd8 27.Re1 Ne8 28.
Rbc1 f6 29.Qg4 Qb6 30.Re2 Qc6 31.Rce1 R8d7 32.h4 f5 33.Qh5 Nd6 34.Kh2 g6 
35.Qg5 Nxe4 36.Rxe4 fxe4 37.Qe5 Qd5 38.Qh8+ Kf7 39.Qxh7+ Ke8 40.Qxg6+ Kd8 
41.Rxe4 Rd6 42.h5 Rf3 43.h6 Qd1 44.Qg8+ Ke7 45.Bf6+ Kd7 46.Qd8+ Kc6 47.
Rxc4+ Kd5 48.Rd4+ Qxd4 49.Bxd4 1-0

[Event "17th Asian-ch"]
[Site "Xingtai CHN"]
[Date "2019.06.12"]
[Round "6.28"]
[White "Vignesh, N. R."]
[Black "Kojima, Shinya"]
[Result "1-0"]
[WhiteElo "2459"]
[BlackElo "2400"]
[EventDate "2019.06.07"]
[PlyCount "117"]

1.e4 e5 2.Nf3 Nc6 3.Bc4 Nf6 4.d3 Be7 5.O-O O-O 6.Re1 d6 7.a4 Na5 8.Ba2 c5 
9.Nc3 Nc6 10.Nd5 Nxd5 11.Bxd5 Be6 12.c3 Qd7 13.a5 Bd8 14.a6 Bxd5 15.exd5 
Ne7 16.axb7 Qxb7 17.c4 a5 18.Ng5 Qd7 19.Qa4 Qxa4 20.Rxa4 Ng6 21.Ne4 Bc7 
22.Nc3 Rfb8 23.Nb5 Rxb5 24.cxb5 Rb8 25.Bd2 Rxb5 26.Rea1 Rxb2 27.Bxa5 Bxa5 
28.Rxa5 h5 29.Ra6 Nf4 30.Rxd6 Rd2 31.Rc6 Nxd5 32.Rxc5 Rxd3 33.f3 e4 34.
Ra8+ Kh7 35.Re8 Nf6 36.Re7 Kg6 37.Rc6 Rd8 38.Rxe4 Rd7 39.Kf2 Ra7 40.Re5 
Rb7 41.h3 Ra7 42.Rb5 Rd7 43.Ra6 Re7 44.Ra8 Kh7 45.Rba5 g6 46.R8a7 Rxa7 47.
Rxa7 Kg7 48.Ke3 Ne8 49.Ke4 Nd6+ 50.Kd5 Nf5 51.Ke5 Nh6 52.Rb7 Ng8 53.Kd6 
Nf6 54.Ke5 Ng8 55.Rb6 Ne7 56.g4 hxg4 57.hxg4 Ng8 58.f4 Nh6 59.Rb7 1-0

[Event "17th Asian-ch"]
[Site "Xingtai CHN"]
[Date "2019.06.12"]
[Round "6.29"]
[White "Bersamina, Paulo"]
[Black "Amartuvshin, Ganzorig"]
[Result "1-0"]
[WhiteElo "2446"]
[BlackElo "2394"]
[EventDate "2019.06.07"]
[PlyCount "59"]

1.e4 c5 2.Nf3 e6 3.d4 cxd4 4.Nxd4 Nc6 5.Nc3 Qc7 6.g3 a6 7.Bg2 d6 8.Nxc6 
bxc6 9.O-O Nf6 10.Na4 Be7 11.c4 O-O 12.b3 e5 13.Be3 Rb8 14.h3 h6 15.Qe2 
Nh7 16.c5 Ng5 17.h4 Ne6 18.cxd6 Bxd6 19.Rac1 c5 20.Rfd1 Qe7 21.Bh3 Nf4 22.
gxf4 Bxh3 23.f5 Rb4 24.Nc3 Rd4 25.Qh5 Qf6 26.Nd5 Qd8 27.Bxd4 exd4 28.Rd3 
Re8 29.Rxh3 Rxe4 30.Qf3 1-0

[Event "17th Asian-ch"]
[Site "Xingtai CHN"]
[Date "2019.06.12"]
[Round "6.30"]
[White "Bilguun, Sumiya"]
[Black "Quizon, Daniel"]
[Result "1-0"]
[WhiteElo "2478"]
[BlackElo "2351"]
[EventDate "2019.06.07"]
[PlyCount "103"]

1.e4 c5 2.Nf3 e6 3.d4 cxd4 4.Nxd4 Nf6 5.Nc3 d6 6.Bd3 Be7 7.O-O a6 8.Kh1 b5
9.a4 b4 10.Na2 e5 11.Nb3 Nc6 12.Qe1 d5 13.exd5 Qxd5 14.Bg5 Bb7 15.Rd1 Qe6 
16.f4 O-O 17.f5 Qc8 18.Bxf6 gxf6 19.Qh4 Kh8 20.Nc5 Rg8 21.Nxb7 Qxb7 22.Be4
Rad8 23.Bd5 Rg7 24.Qe4 Qd7 25.c3 bxc3 26.bxc3 Na5 27.Nc1 Qc7 28.Ne2 Rdg8 
29.Qd3 Qa7 30.Ng3 Rf8 31.Rb1 Rd8 32.Rfd1 Rgg8 33.Qe2 Rgf8 34.Ne4 Rd7 35.c4
Nb7 36.Rd3 Nc5 37.Nxc5 Bxc5 38.Qh5 Rg8 39.Qh6 Be7 40.Rh3 Rg7 41.Rg3 Rxg3 
42.hxg3 Kg8 43.Kh2 Bd8 44.Rd1 Be7 45.Re1 Qf2 46.Rd1 Rc7 47.Rb1 Qa7 48.Rb2 
a5 49.Re2 Qb8 50.Re1 Qf8 51.Qh5 Bb4 52.Re4 1-0

[Event "17th Asian-ch"]
[Site "Xingtai CHN"]
[Date "2019.06.12"]
[Round "6.31"]
[White "Chu Wei Chao"]
[Black "Chen Qi"]
[Result "1/2-1/2"]
[WhiteElo "2374"]
[BlackElo "2453"]
[EventDate "2019.06.07"]
[PlyCount "24"]

1.d4 Nf6 2.c4 e6 3.Nf3 d5 4.g3 Be7 5.Bg2 O-O 6.O-O dxc4 7.Qc2 a6 8.Qxc4 b5
9.Qc2 Bb7 10.Bd2 Be4 11.Qc1 c6 12.Bf4 Nbd7 1/2-1/2

[Event "17th Asian-ch"]
[Site "Xingtai CHN"]
[Date "2019.06.12"]
[Round "6.32"]
[White "Chan Kim Yew"]
[Black "Torre, Eugenio"]
[Result "1/2-1/2"]
[WhiteElo "2293"]
[BlackElo "2451"]
[EventDate "2019.06.07"]
[PlyCount "58"]

1.Nf3 d6 2.d4 Bg4 3.g3 Bxf3 4.exf3 c6 5.Bg2 d5 6.O-O e6 7.Bf4 Nd7 8.c3 
Ngf6 9.Nd2 Be7 10.Re1 O-O 11.a4 c5 12.dxc5 Nxc5 13.Nb3 Qb6 14.Nxc5 Bxc5 
15.Re2 a5 16.Be3 Bxe3 17.fxe3 e5 18.f4 exf4 19.gxf4 Rfe8 20.Qd3 Rac8 21.
Bf3 Rc4 22.Kg2 Qc6 23.Qc2 Qe6 24.Rd1 Ne4 25.Rd4 Rxd4 26.cxd4 Nf6 27.Qb3 h6
28.Kf2 Ne4+ 29.Bxe4 Qxe4 1/2-1/2

[Event "17th Asian-ch"]
[Site "Xingtai CHN"]
[Date "2019.06.12"]
[Round "6.33"]
[White "Bai, Adelard"]
[Black "Battulga, Namkhai"]
[Result "1/2-1/2"]
[WhiteElo "2074"]
[BlackElo "2425"]
[EventDate "2019.06.07"]
[PlyCount "68"]

1.d4 d5 2.c4 c6 3.cxd5 cxd5 4.Bf4 Nf6 5.Nc3 Qb6 6.e3 Qxb2 7.Bb5+ Nc6 8.
Nge2 Bf5 9.O-O Qa3 10.Rc1 Rc8 11.Ng3 Be6 12.e4 Qa5 13.Ba4 dxe4 14.Ngxe4 
Nxe4 15.Nxe4 Qf5 16.Nc5 Bd5 17.Bg3 f6 18.Nxb7 h5 19.Re1 e6 20.Na5 h4 21.
Nxc6 hxg3 22.fxg3 Bxc6 23.Bxc6+ Kd8 24.d5 e5 25.Qa4 Rc7 26.Bb5 Qc8 27.Qa5 
Bd6 28.Ba6 Qd7 29.Bb5 Qc8 30.Rc6 Ke7 31.Rec1 Rxc6 32.dxc6 Qc7 33.Qxc7+ 
Bxc7 34.Rd1 Bd6 1/2-1/2

[Event "17th Asian-ch"]
[Site "Xingtai CHN"]
[Date "2019.06.12"]
[Round "6.34"]
[White "Wang Shixu"]
[Black "Hasan Parag, Mehdi"]
[Result "1-0"]
[WhiteElo "2392"]
[BlackElo "2204"]
[EventDate "2019.06.07"]
[PlyCount "55"]

1.d4 Nf6 2.c4 e6 3.Nc3 d5 4.Bg5 Bb4 5.e3 O-O 6.cxd5 exd5 7.Bd3 h6 8.Bh4 c5
9.Ne2 c4 10.Bb1 Nc6 11.O-O Be7 12.b3 a6 13.Bxf6 Bxf6 14.Nf4 Be6 15.bxc4 
dxc4 16.Qc2 Re8 17.Qh7+ Kf8 18.Be4 Ke7 19.Rab1 Rb8 20.Bf3 Kd7 21.Qc2 Qa5 
22.Ne4 Bf5 23.Nxf6+ gxf6 24.e4 Bh7 25.Qxc4 Bxe4 26.Bxe4 Rxe4 27.Qxf7+ Re7 
28.Qc4 1-0

[Event "17th Asian-ch"]
[Site "Xingtai CHN"]
[Date "2019.06.12"]
[Round "6.35"]
[White "Song Yuxin"]
[Black "Peng Hongchi"]
[Result "1-0"]
[WhiteElo "2308"]
[BlackElo "2370"]
[EventDate "2019.06.07"]
[PlyCount "94"]

1.d4 d5 2.Nf3 c6 3.c4 e6 4.Nc3 f5 5.Bf4 Nf6 6.e3 Be7 7.Bd3 O-O 8.Qc2 Ne4 
9.g4 Na6 10.a3 Qa5 11.Ke2 Nxc3+ 12.bxc3 Qd8 13.cxd5 cxd5 14.c4 dxc4 15.
Bxc4 fxg4 16.Ne5 Qe8 17.Qe4 Nc7 18.h3 g3 19.fxg3 Nb5 20.Qd3 Nd6 21.g4 Nxc4
22.Qxc4 Bd7 23.Nxd7 Qxd7 24.Rhd1 Rac8 25.Qb3 Qc6 26.Rac1 Qe4 27.Be5 Qd5 
28.Qxd5 exd5 29.Rxc8 Rxc8 30.Rb1 b6 31.Rb5 Bxa3 32.Rxd5 Re8 33.Rd7 Re7 34.
Rd8+ Kf7 35.Rb8 Ke6 36.e4 Bd6 37.Bxd6 Kxd6 38.Ke3 Kc7 39.Rg8 a5 40.d5 a4 
41.Kd4 Kb7 42.Rf8 Ka6 43.d6 Ra7 44.Kd5 a3 45.Kc6 b5 46.d7 Rxd7 47.Kxd7 Kb7
1-0

[Event "17th Asian-ch"]
[Site "Xingtai CHN"]
[Date "2019.06.12"]
[Round "6.36"]
[White "Chaulagain, Purushottam"]
[Black "Srijit, Paul"]
[Result "0-1"]
[WhiteElo "2020"]
[BlackElo "2361"]
[EventDate "2019.06.07"]
[PlyCount "84"]

1.d4 f5 2.c4 Nf6 3.Nc3 d6 4.Nf3 g6 5.Bg5 Bg7 6.e3 Nbd7 7.Be2 O-O 8.O-O h6 
9.Bxf6 Nxf6 10.Qb3 c6 11.a4 g5 12.a5 Kh8 13.Qc2 Qc7 14.c5 dxc5 15.Ne5 Kh7 
16.a6 Ne8 17.axb7 Bxb7 18.Na4 cxd4 19.exd4 Rd8 20.Rfd1 Bxe5 21.dxe5 Rxd1+ 
22.Rxd1 Qxe5 23.Nc5 Bc8 24.Rd8 Qc7 25.Qd2 Rh8 26.Nd7 Nd6 27.Nf8+ Rxf8 28.
Rxf8 Kg7 29.Qc3+ Kxf8 30.Qh8+ Kf7 31.Bh5+ Ke6 32.Qxh6+ Kd7 33.Qxg5 Qa5 34.
Qc1 Ne4 35.Bg6 e6 36.h4 Qd2 37.Qf1 Ba6 38.Qxa6 Qxf2+ 39.Kh2 Qxh4+ 40.Kg1 
Qf2+ 41.Kh2 Qg3+ 42.Kg1 Qxg6 0-1

[Event "17th Asian-ch"]
[Site "Xingtai CHN"]
[Date "2019.06.13"]
[Round "7.1"]
[White "Gupta, Abhijeet"]
[Black "Karthikeyan, Murali"]
[Result "1-0"]
[WhiteElo "2606"]
[BlackElo "2593"]
[EventDate "2019.06.07"]
[PlyCount "141"]

1.d4 Nf6 2.c4 g6 3.Nc3 Bg7 4.e4 d6 5.Nf3 O-O 6.h3 Na6 7.Bg5 Qe8 8.Be2 e5 
9.d5 Nh5 10.g3 f5 11.exf5 Rxf5 12.Be3 Rf8 13.Ng5 e4 14.Qd2 Nf6 15.O-O-O 
Nc5 16.Kb1 h6 17.Ne6 Bxe6 18.dxe6 Qxe6 19.g4 Nfd7 20.Bxh6 Bxh6 21.Qxh6 
Rxf2 22.h4 Qf6 23.Rdf1 Rxf1+ 24.Rxf1 Qg7 25.Qe3 Rf8 26.Rh1 Qe5 27.g5 Kg7 
28.h5 gxh5 29.Rxh5 Rh8 30.Qh3 Rxh5 31.Qxh5 Qe6 32.b4 Nd3 33.Bg4 Qxc4 34.
Qh6+ Kf7 35.Qh7+ Kf8 36.Qh8+ Qg8 37.Qxg8+ Kxg8 38.Bxd7 Nxb4 39.Nxe4 Kg7 
40.Bf5 Nd5 41.Ng3 Nf4 42.Kc2 a5 43.Kd2 b5 44.Ke3 Nd5+ 45.Ke4 Ne7 46.Nh5+ 
Kf7 47.Nf4 c6 48.Be6+ Kg7 49.Bd7 b4 50.Kd3 a4 51.Be8 Kf8 52.Bh5 c5 53.Bd1 
a3 54.Kc4 Nc6 55.Kb5 Nd4+ 56.Ka4 Kg7 57.Bb3 Nxb3 58.Kxb3 Kf7 59.Kc4 Kg7 
60.Kb3 Kf7 61.Kc4 Kg7 62.Nd5 Kg6 63.Nf6 Kf5 64.Ne8 d5+ 65.Kb3 Kxg5 66.Nc7 
Kf4 67.Ne6+ Ke3 68.Nxc5 d4 69.Kxb4 d3 70.Na4 Kd2 71.Kxa3 1-0

[Event "17th Asian-ch"]
[Site "Xingtai CHN"]
[Date "2019.06.13"]
[Round "7.3"]
[White "Maghsoodloo, Parham"]
[Black "Le Quang Liem"]
[Result "1/2-1/2"]
[WhiteElo "2665"]
[BlackElo "2694"]
[EventDate "2019.06.07"]
[PlyCount "150"]

1.c4 e5 2.g3 Nf6 3.Nc3 d5 4.cxd5 Nxd5 5.Bg2 Nb6 6.e3 Nc6 7.Nge2 g6 8.O-O 
Bg7 9.d4 exd4 10.exd4 O-O 11.d5 Ne5 12.h3 Re8 13.b3 Bf5 14.Be3 Bd3 15.Re1 
Ba6 16.Qd2 Nd3 17.Red1 Nd7 18.Rab1 Qe7 19.Nd4 N7e5 20.Ncb5 Qd7 21.a4 Nc5 
22.Qc2 Bxb5 23.axb5 b6 24.Rbc1 a5 25.bxa6 Nxa6 26.Qd2 Nc5 27.Qc2 Ra3 28.
Rb1 Rea8 29.Qe2 Ra2 30.Qf1 Re8 31.b4 Nb7 32.Qb5 Qc8 33.Rbc1 Nd6 34.Qf1 Qd7
35.Bf4 h6 36.h4 h5 37.Nc6 Ng4 38.Bh3 Ree2 39.f3 f5 40.Re1 Rf2 41.Qd3 Nh2 
42.Re7 Qxc6 43.dxc6 Bd4 44.Qb3+ Kf8 45.Kh1 Nxf3 46.Qxa2 Rxa2 47.Re2 Rxe2 
48.Bxd6+ Ke8 49.Bg2 Ne1 50.Bf1 Nd3 51.Bxe2 Nxc1 52.Ba6 Kd8 53.Bf4 Na2 54.
Bc4 Nxb4 55.Bf7 Nxc6 56.Bxg6 Ne7 57.Bxh5 b5 58.Kg2 c5 59.Kf3 c4 60.Bf7 Kd7
61.h5 Nc6 62.Bg6 Ne7 63.Bf7 Bh8 64.Be3 Nc8 65.Bc5 Nd6 66.Bg6 Bc3 67.Ke3 b4
68.h6 b3 69.Bxd6 Kxd6 70.Bxf5 Bf6 71.Kd2 c3+ 72.Kd1 Kc5 73.h7 Kb4 74.Kc1 
Ka3 75.Kb1 Kb4 1/2-1/2

[Event "17th Asian-ch"]
[Site "Xingtai CHN"]
[Date "2019.06.13"]
[Round "7.5"]
[White "Adhiban, Baskaran"]
[Black "Liu Yan"]
[Result "1/2-1/2"]
[WhiteElo "2676"]
[BlackElo "2504"]
[EventDate "2019.06.07"]
[PlyCount "91"]

1.e4 e5 2.Nf3 Nf6 3.d4 Nxe4 4.Bd3 d5 5.Nxe5 Nd7 6.Nxd7 Bxd7 7.O-O Bd6 8.
Nc3 Nxc3 9.bxc3 O-O 10.Qh5 f5 11.Re1 Qf6 12.Qf3 Qf7 13.Bf4 Rae8 14.h4 Re6 
15.Rab1 Bc6 16.Rxe6 Qxe6 17.Kf1 Bxf4 18.Qxf4 Qd6 19.Qxd6 cxd6 20.Ke2 b6 
21.Kd2 g6 22.Bb5 Rc8 23.Bxc6 Rxc6 24.Rb5 Kf7 25.Rxd5 a6 26.c4 Ke6 27.Kd3 
Rc8 28.a4 h5 29.f3 Rc7 30.Kc3 Rc8 31.Kb4 Rc7 32.Kc3 Rc8 33.Kb3 Rc7 34.Kb4 
Rc8 35.Kb3 Rc7 36.c3 Rc8 37.Kb4 Rc7 38.Kb3 Rc8 39.Kb4 Rc7 40.f4 Rc8 41.Kb3
Rc7 42.Kb4 Rc8 43.Kb3 Rc7 44.g3 Rc8 45.Kb4 Rc7 46.Kb3 1/2-1/2

[Event "17th Asian-ch"]
[Site "Xingtai CHN"]
[Date "2019.06.13"]
[Round "7.6"]
[White "Idani, Pouya"]
[Black "Nguyen Ngoc Truong Son"]
[Result "1/2-1/2"]
[WhiteElo "2597"]
[BlackElo "2639"]
[EventDate "2019.06.07"]
[PlyCount "110"]

1.e4 c5 2.Nf3 Nc6 3.Bb5 g6 4.Bxc6 dxc6 5.d3 Bg7 6.h3 Nf6 7.Nc3 O-O 8.O-O 
Nd7 9.Bg5 h6 10.Be3 e5 11.Qd2 Kh7 12.Nh2 b6 13.Rae1 Qe7 14.f4 exf4 15.Bxf4
Ne5 16.Nf3 Nxf3+ 17.Rxf3 Be6 18.e5 Rad8 19.Ne4 Bd5 20.Nf6+ Bxf6 21.exf6 
Qxf6 22.Rf2 Qh4 23.Be5 f6 24.Rf4 Qh5 25.Bxf6 Rde8 26.c4 g5 27.Rf2 Be6 28.
Re4 Qg6 29.Bc3 Rxf2 30.Qxf2 Bd7 31.Be5 Bf5 32.Re3 Kg8 33.Qe2 Re7 34.b4 Qe8
35.bxc5 bxc5 36.Qb2 Bxd3 37.Qc3 Bg6 38.Re1 Re6 39.Re3 Re7 40.Qb2 Kh7 41.a4
h5 42.a5 h4 43.a6 Bf5 44.Bh8 Qd7 45.Be5 Qe8 46.Qc3 Kg6 47.Re1 Re6 48.Qe3 
Qe7 49.Kh1 Kh6 50.Qc3 Kg6 51.Qb2 Qe8 52.Kh2 Re7 53.Qc3 Re6 54.Qe3 Qe7 55.
Kg1 Kh6 1/2-1/2

[Event "17th Asian-ch"]
[Site "Xingtai CHN"]
[Date "2019.06.13"]
[Round "7.7"]
[White "Zhumabaev, Rinat"]
[Black "Yakubboev, Nodirbek"]
[Result "1-0"]
[WhiteElo "2625"]
[BlackElo "2587"]
[EventDate "2019.06.07"]
[PlyCount "81"]

1.d4 f5 2.Nc3 Nf6 3.Bg5 d5 4.e3 Be6 5.h4 Bf7 6.h5 h6 7.Bxf6 gxf6 8.g4 fxg4
9.Qxg4 Rg8 10.Qf3 Qd6 11.O-O-O Nd7 12.e4 dxe4 13.Nxe4 Qc6 14.Ne2 O-O-O 15.
N2c3 Kb8 16.Bb5 Qe6 17.Ba4 Qg4 18.Qe3 Qf5 19.Nc5 c6 20.Bb3 Bxb3 21.axb3 
Nxc5 22.dxc5 Rxd1+ 23.Rxd1 e5 24.b4 Qxh5 25.Ne4 Be7 26.Qb3 Qg6 27.Qe6 Re8 
28.Nd6 Bxd6 29.Qxd6+ Kc8 30.b5 cxb5 31.c6 bxc6 32.Qxc6+ Kb8 33.Qxb5+ Ka8 
34.Qc6+ Kb8 35.Qb5+ Ka8 36.Kb1 f5 37.Qd5+ Kb8 38.Rd3 Qa6 39.Rb3+ Kc8 40.
Rc3+ Kb8 41.Ra3 1-0

[Event "17th Asian-ch"]
[Site "Xingtai CHN"]
[Date "2019.06.13"]
[Round "7.8"]
[White "Lalith Babu, Musunuri Rohit"]
[Black "Lu Shanglei"]
[Result "1/2-1/2"]
[WhiteElo "2571"]
[BlackElo "2624"]
[EventDate "2019.06.07"]
[PlyCount "51"]

1.c4 e6 2.Nc3 d5 3.d4 Nf6 4.cxd5 Nxd5 5.Nf3 c5 6.e3 Nc6 7.Bd3 Be7 8.O-O 
O-O 9.Nxd5 Qxd5 10.a3 cxd4 11.exd4 g6 12.Be3 b6 13.Qc2 Bb7 14.Be4 Qd6 15.
Qd2 Bf6 16.Rfd1 Na5 17.Bxb7 Nxb7 18.Bf4 Qd5 19.Be5 Bg7 20.Rac1 Rac8 21.
Rxc8 Rxc8 22.Rc1 Rc6 23.h4 Na5 24.Rxc6 Nxc6 25.Bxg7 Kxg7 26.Qf4 1/2-1/2